00267nam a2200121Ia 4500008004100000100000900041245004400050260000900094300000800103650001000111942000700121999001700128190216s9999||||xx |||||||||||||| ||und|| aNull 0aHindi-Nirmik Sanyasi Swamy Ramatheerth bNull a272 aHindi cBK c16054d16054